The Gazetteer of India: (Record no. 159048)
[ view plain ]
| 000 -LEADER | |
|---|---|
| fixed length control field | 00820nam a22002057a 4500 |
| 005 - DATE AND TIME OF LATEST TRANSACTION | |
| control field | 20181128145157.0 |
| 010 ## - LCCN (DPL NO) | |
| LC control number | B-7123006 |
| 020 ## - INTERNATIONAL STANDARD BOOK NUMBER | |
| International Standard Book Number | 9788123019505 |
| Terms of availability | 425.00 |
| 035 ## - SYSTEM CONTROL NUMBER | |
| System control number | B-7123006 |
| 037 ## - SOURCE OF ACQUISITION | |
| Source of stock number/acquisition | RK Books |
| 082 ## - DEWEY DECIMAL CLASSIFICATION NUMBER | |
| Classification number | 915.4 |
| 245 ## - TITLE STATEMENT | |
| Title | The Gazetteer of India: |
| Remainder of title | History and culture: vol. 2 / |
| Statement of responsibility, etc | edited by Roma Chatterjee |
| 260 ## - PUBLICATION, DISTRIBUTION, ETC. (IMPRINT) | |
| Place of publication, distribution, etc | New Delhi |
| Name of publisher, distributor, etc | Publications Division |
| Date of publication, distribution, etc | 2015 |
| 270 ## - ADDRESS | |
| Address | Govt. of India, Soochna Bhawan, CGO Complex, Lodhi Road |
| City | New Delhi |
| Postal code | 110003 |
| 300 ## - PHYSICAL DESCRIPTION | |
| Extent | 807p. |
| Other physical details | maps |
| Dimensions | 24cm (pbk) |
| 500 ## - GENERAL NOTE | |
| General note | includes bibliographical references and index |
| 700 ## - ADDED ENTRY--PERSONAL NAME | |
| Personal name | Chatterjee, Roma |
| 942 ## - ADDED ENTRY ELEMENTS (KOHA) | |
| Source of classification or shelving scheme | Dewey Decimal Classification |
| Item type | English Books |
| Classification part | 915.4 |
| Call number suffix | GAZ |
| Withdrawn status | Lost status | Materials specified (bound volume or other part) | Not for loan | Collection code | Home library | Current library | Date acquired | Source of acquisition | Cost, normal purchase price | Full call number | Barcode | Copy number | Cost, replacement price | Koha item type |
|---|---|---|---|---|---|---|---|---|---|---|---|---|---|---|
| vol. 2 | Non-fiction | Central Jail Tihar | Central Jail Tihar | 28/11/2018 | RK Books/IN2320/18-19/24-11-18/539/15-11-18/28-11-18 | 425.00 | 915.4 GAZ | B-713006 | 1 | 425.00 | English Books |
